MARC

LEADER 00000nam0a2200000 4500
001 280859
005 20231101235339.0
020 |a RU  |b 86-77652 
035 |a (RuTPU)RU\TPU\book\304419 
090 |a 280859 
100 |a 20150115d1986 km y0rusy5003 ca 
101 0 |a rus 
102 |a RU 
105 |a a g 001zy 
200 1 |a Справочник электромонтажника шахтных электрических сетей  |f Л. В. Седаков, В. Г. Соболев 
210 |a Москва  |c Недра  |d 1986 
215 |a 200 с.  |c ил. 
320 |a Библиогр.: с. 196 (11 назв.) 
320 |a Предм. указ.: с. 197-198 
606 1 |a Угольные шахты  |x Электрооборудование  |x Монтаж  |x Безопасность  |x Электрооборудование, взрывобезопасное  |2 stltpush  |3 (RuTPU)RU\TPU\subj\62854  |9 79909 
610 1 |a электрические сети рудничные 
610 1 |a электроснабжение 
610 1 |a справочники 
610 1 |a монтажные материалы 
610 1 |a электротехнические материалы 
610 1 |a приспособления 
610 1 |a инструменты 
610 1 |a воздушные линии электропередачи 
610 1 |a кабели 
610 1 |a провода 
610 1 |a прокладка 
610 1 |a кабельная арматура 
610 1 |a защитное заземление 
675 |a 622.333.012.2:658.26(035)  |z rus  |v 3 
700 1 |a Седаков  |b Л. В.  |g Леонид Васильевич  |4 070 
701 1 |a Соболев  |b В. Г.  |g Василий Георгиевич  |4 070 
801 0 |a RU  |b RuMRKP  |c 19950704  |g psbo 
801 1 |a RU  |b 63413507  |c 20150115 
801 2 |a RU  |b 63413507  |c 20180727  |g RCR 
942 |c BK